[Event "Al Ain op 1st"]
[Site "Al Ain"]
[Date "2012.12.24"]
[Round "3"]
[White "Sayed, Hussain"]
[Black "Saydaliev, Saidakbar"]
[Result "1-0"]
[WhiteElo "1970"]
[BlackElo "1950"]
[PlyCount "89"]
[EventDate "2012.12.22"]
[EventType "swiss"]
[EventRounds "9"]
[EventCountry "UAE"]
[SourceTitle "CBM 152 Extra"]
[Source "ChessBase"]
[SourceDate "2013.02.25"]
[SourceVersion "1"]
[SourceVersionDate "2013.02.25"]
[SourceQuality "1"]

1. e4 c5 2. c3 e6 3. d4 d5 4. exd5 exd5 5. Nf3 Nc6 6. Be2 Bd6 7. dxc5 Bxc5 8. 0-0 Nge7 9. Nbd2 0-0 10. Nb3 Bd6 11. Nbd4 a6 12. Bd3 h6 13. h3 Qc7 14. Re1 Bd7 15. a4 Rfe8 16. Be3 Na5 17. Nd2 Nac6 18. N2f3 Rac8 19. Rc1 Na5 20. b3 Qb8 21. Qd2 h5 22. Bc2 Nac6 23. Qd3 g6 24. Qd2 Nxd4 25. Bxd4 Bf4 26. Be3 Bxe3 27. Rxe3 Nf5 28. Rxe8+ Rxe8 29. Bxf5 Bxf5 30. Qh6 Qc7 31. c4 dxc4 32. Rxc4 Qd6 33. Rc1 Qf8 34. Qf4 Rc8 35. Re1 Re8 36. Re5 Rxe5 37. Qxe5 Qd8 38. Nd4 Bc8 39. Kh2 Kh7 40. Ne2 Be6 41. Nd4 Qd5 42. Qe3 Bd7 43. f4 Bc6 44. Nf3 Qe4 45. Ng5+ 1-0